Stations de la ligne 13 du métro parisien - Statistiques

Statistiques générales
  • Ce quiz a été pris 764 fois
  • Le résultat moyen est 20 sur 32
Statistiques - réponses
Réponse % Correct
Montparnasse-Bienvenüe
85%
La Fourche
83%
Saint-Lazare
81%
Châtillon-Montrouge
76%
Duroc
74%
Place de Clichy
74%
Invalides
73%
Porte de Clichy
73%
Saint-Denis Université
72%
Champs-Élysées - Clémenceau
69%
Porte de Vanves
66%
Malakoff - Plateau de Vanves
65%
Miromesnil
64%
Liège
63%
Mairie de Saint-Ouen
63%
Malakoff - Rue Étienne Dolet
63%
Basilique de Saint-Denis
61%
Gaîté
61%
Guy Môquet
61%
Asnières-Gennevilliers - Les Courtilles
60%
Porte de Saint-Ouen
59%
Saint-François-Xavier
59%
Mairie de Clichy
58%
Pernety
55%
Varenne
55%
Brochant
53%
Plaisance
53%
Carrefour Pleyel
50%
Saint-Denis - Porte de Paris
50%
Garibaldi
49%
Gabriel Péri
48%
Les Agnettes
47%
Aucun quiz correspondant
Distribution des résultats
% des personnes avec chaque résultat
Percentile par nombre de réponses
Votre historique - résultats
Vous n’avez pas pris ce quiz